000 00776nam a2200253 a 4500
005 20240316063828.0
008 010924s1997 mx r 000 0 spa d
020 _a8432309583
020 _a9682321352
035 _aUPN01000112671
049 _aCG
050 4 _aRC489 C6.3
_bL4.7
100 1 _aLega, Leonor I.
245 1 0 _aTeoría y práctica de la terapia racional emotivo-conductual /
_cLeonor I. Lega, Vicente E. Caballo, Albert Ellis.
260 _aMadrid :
_bSiglo XXI,
_c1997.
300 _axiii, 160 p.
440 0 _aPsicología
650 4 _aConductismo (Psicología)
_97930
650 2 _aTerapia cognitiva
_9228
650 4 _aEmociones
_939
700 1 _aCaballo, Vicente E.
_ecoaut.
_936287
700 1 _aEllis, Albert,
_d1913- ,
_ecoaut.
905 _aLibro
999 _c86579
_d86579